000 003210000a22001450004500
005 20120302062652.0
942 _cBOOK
100 _a OSHO
_c
245 _a AMRUTASHI PUNHA SAPTAPADI
260 _aPUNE : SWAMI AMRUT BODHIDHARMA
300 _a64 P.
040 _aMAR
365 _bRS. 15/-
650 _aADHYATMA / OSHO
999 _c357336
_d357333